<?xml version="1.0" encoding="UTF-8"?>
<record
    xmlns:xsi="http://www.w3.org/2001/XMLSchema-instance"
    xsi:schemaLocation="http://www.loc.gov/MARC21/slim http://www.loc.gov/standards/marcxml/schema/MARC21slim.xsd"
    xmlns="http://www.loc.gov/MARC21/slim">

  <leader>00791nam a2200217   4500</leader>
  <controlfield tag="003">IeDuTC</controlfield>
  <controlfield tag="005">20181127180829.0</controlfield>
  <controlfield tag="008">931213s1993    enk           000 1 eng</controlfield>
  <datafield tag="020" ind1=" " ind2=" ">
    <subfield code="a">9780552995870</subfield>
    <subfield code="c"></subfield>
  </datafield>
  <datafield tag="100" ind1="1" ind2=" ">
    <subfield code="a">Esquivel, Laura,</subfield>
    <subfield code="d">1950-</subfield>
  </datafield>
  <datafield tag="240" ind1="0" ind2="0">
    <subfield code="a">Como agua para chocolate.</subfield>
    <subfield code="l">English.</subfield>
  </datafield>
  <datafield tag="245" ind1="1" ind2="0">
    <subfield code="a">Like water for chocolate /</subfield>
    <subfield code="c">Laura Esquivel ; translated by Carol Christensen and Thomas Christensen.</subfield>
  </datafield>
  <datafield tag="260" ind1=" " ind2=" ">
    <subfield code="a">London :</subfield>
    <subfield code="b">Black Swan,</subfield>
    <subfield code="c">1993.</subfield>
  </datafield>
  <datafield tag="300" ind1=" " ind2=" ">
    <subfield code="a">221p.</subfield>
  </datafield>
  <datafield tag="650" ind1=" " ind2=" ">
    <subfield code="a">Cooking -- Mexico -- Fiction.</subfield>
    <subfield code="v"></subfield>
    <subfield code="x"></subfield>
    <subfield code="y"></subfield>
    <subfield code="z"></subfield>
    <subfield code="2"></subfield>
  </datafield>
  <datafield tag="650" ind1=" " ind2=" ">
    <subfield code="a">Families -- Mexico -- Fiction.</subfield>
    <subfield code="v"></subfield>
    <subfield code="x"></subfield>
    <subfield code="y"></subfield>
    <subfield code="z"></subfield>
    <subfield code="2"></subfield>
  </datafield>
  <datafield tag="650" ind1=" " ind2=" ">
    <subfield code="a">Love stories.</subfield>
    <subfield code="v"></subfield>
    <subfield code="x"></subfield>
    <subfield code="y"></subfield>
    <subfield code="z"></subfield>
    <subfield code="2"></subfield>
  </datafield>
  <datafield tag="650" ind1=" " ind2=" ">
    <subfield code="a">Man-woman relationship -- Fiction.</subfield>
    <subfield code="v"></subfield>
    <subfield code="x"></subfield>
    <subfield code="y"></subfield>
    <subfield code="z"></subfield>
    <subfield code="2"></subfield>
  </datafield>
  <datafield tag="650" ind1=" " ind2=" ">
    <subfield code="a">Mexico -- Fiction.</subfield>
    <subfield code="v"></subfield>
    <subfield code="x"></subfield>
    <subfield code="y"></subfield>
    <subfield code="z"></subfield>
    <subfield code="2"></subfield>
  </datafield>
  <datafield tag="700" ind1="1" ind2=" ">
    <subfield code="a">Esquivel, Laura,</subfield>
    <subfield code="d">1950-.</subfield>
    <subfield code="t">Like water for hot chocolate.</subfield>
  </datafield>
  <datafield tag="999" ind1=" " ind2=" ">
    <subfield code="c">5129</subfield>
    <subfield code="d">5129</subfield>
  </datafield>
  <datafield tag="952" ind1=" " ind2=" ">
    <subfield code="0">0</subfield>
    <subfield code="1">0</subfield>
    <subfield code="2">ddc</subfield>
    <subfield code="4">0</subfield>
    <subfield code="7">0</subfield>
    <subfield code="8">FIC</subfield>
    <subfield code="a">RTCLIB</subfield>
    <subfield code="b">RTCLIB</subfield>
    <subfield code="c">FIC</subfield>
    <subfield code="d">2022-04-07</subfield>
    <subfield code="h"> </subfield>
    <subfield code="i">9597</subfield>
    <subfield code="l">1</subfield>
    <subfield code="o">FIC 813.54 ESQ</subfield>
    <subfield code="p">30008194</subfield>
    <subfield code="r">2022-01-03 00:00:00</subfield>
    <subfield code="s">2019-09-06</subfield>
    <subfield code="w">2018-11-27</subfield>
    <subfield code="y">FIC</subfield>
  </datafield>
</record>
